| 000 | 00682nam a2200217 u 4500 | ||
|---|---|---|---|
| 005 | 20230310063614.0 | ||
| 008 | 100429s2006 es r 000 0 spa d | ||
| 020 | _a8426135404 (10 dígitos) | ||
| 020 | _a9788426135407 (13 dígitos) | ||
| 035 | _aUPN01000175623 | ||
| 049 | _aCG | ||
| 050 | 4 |
_aPR4611 _bT5 2006 |
|
| 100 | 1 |
_aCarroll, Lewis, _d1832-1898 |
|
| 245 | 1 | 0 |
_aAlicia a través del espejo / _cLewis Carroll ; tr. de María Manent ; il. de John Tenniel. |
| 260 |
_aBarcelona, Esp. : _bJuventud, _c2006. |
||
| 300 |
_a143 p. : _bil. |
||
| 440 | 0 | _aJuventud | |
| 534 |
_pTítulo original: _tThough the looking glass |
||
| 650 | 4 |
_aNovela inglesa _94471 |
|
| 905 | _aLibro | ||
| 999 |
_c147727 _d147727 |
||